Which countries and seas, rivers and lakes border Israel - Statistics

General Stats
  • This quiz has been taken 39 times
  • The average score is 7 of 10
Answer Stats
Hint Answer % Correct
Jordan
97%
River Jordan
97%
Country Lebanon
94%
Syria
94%
Egypt
91%
Sea Dead
83%
Mediterranean
83%
Sea of G Galilee
63%
Gulf of Aqaba
43%
Yarmouk
0%
No matching quizzes found
Score Distribution
Percent of People with Each Score
Percentile by Number Answered
Your Score History
You have not taken this quiz